Online Catalogue and eLibrary

The labour theory of culture : (Record no. 287)

MARC details
000 -LEADER
fixed length control field 00649cam a2200217 a 4500
001 - CONTROL NUMBER
control field 3733982
005 - DATE AND TIME OF LATEST TRANSACTION
control field 20240205233147.0
008 - FIXED-LENGTH DATA ELEMENTS--GENERAL INFORMATION
fixed length control field 811106s1982 enk b 001 0 eng
020 ## - INTERNATIONAL STANDARD BOOK NUMBER
ISBN 0710009976
040 ## - CATALOGING SOURCE (பட்டியலாக்க மூலம்)
Original cataloging agency DLC
Transcribing agency DLC
Modifying agency DLC
082 00 - DDC Classification
Class No. 306
DDC Edition Number 19
Item Number - Author Mark CHA.
100 1# - MAIN ENTRY--PERSONAL NAME
Personal name Woolfson, Charles,
245 14 - TITLE STATEMENT
Title The labour theory of culture :
Remainder of title a re-examination of Engels's theory of human origins /
Statement of responsibility, etc. Charles Woolfson.
260 ## - PUBLICATION, DISTRIBUTION, ETC.
Place of publication, distribution, etc. London ;
-- Boston :
Name of publisher, distributor, etc. Routledge & Kegan Paul,
Date of publication, distribution, etc. 1982.
300 ## - PHYSICAL DESCRIPTION
Extent (e.g. Volumes, Pages etc.) viii, 124 p. ;
500 ## - GENERAL NOTE
General note Includes indexes.
650 #0 - SUBJECT ADDED ENTRY--TOPICAL TERM
Topical term or geographic name entry element Marxist anthropology.
650 #0 - SUBJECT ADDED ENTRY--TOPICAL TERM
Topical term or geographic name entry element Human evolution.
650 #0 - SUBJECT ADDED ENTRY--TOPICAL TERM
Topical term or geographic name entry element Working class
942 ## - Koha item type (Biblio)
Koha item type Books in Stacks (Lending)
Holdings
Lost status Damaged status Collection code Home library Current library Date acquired Full call number Accession Number Item type
    Lending WERC Library WERC Library 02/06/2024 306 CHA. 3538 Books in Stacks (Lending)

© WERC Library